[Event "7th ch-Euro"]
[Site "Kusadasi TUR"]
[Date "2006.04.15"]
[Round "11"]
[White "Aroshidze,L"]
[Black "Seeman,T"]
[Result "1-0"]
[WhiteElo "2490"]
[BlackElo "2422"]

1.e4 c5 2.Nf3 e6 3.d4 cxd4 4.Nxd4 Nc6 5.Nc3 d6 6.Be3 Nf6 7.f3 Be7 8.Qd2 O-O
9.O-O-O d5 10.Qe1 e5 11.Nxc6 bxc6 12.exd5 Nxd5 13.Bc4 Be6 14.Ne4 Qc7 15.Bf2 f5
16.Nc5 Bxc5 17.Bxc5 Rfe8 18.Qf2 a5 19.Rhe1 a4 20.Ba3 Bf7 21.Qc5 Qb7 22.Bd3 f4
23.Be4 Rac8 24.g3 Kh8 25.gxf4 exf4 26.Rg1 Ne3 27.Rd4 Bd5 28.Bd3 Qf7 29.Qd6 Rf8
30.Qe5 Qf6 31.Qh5 Bg8 32.Bxf8 Rxf8 33.Rxa4 Rb8 34.c3 Rd8 35.Be4 g5 36.Ra7 h6
37.Qg6 Qxg6 38.Bxg6  1-0

[Event "Foxwoods Open"]
[Site "Ledyards USA"]
[Date "2006.04.15"]
[Round "6"]
[White "Frhat,A"]
[Black "Boor,C"]
[Result "1/2-1/2"]
[WhiteElo "2376"]
[BlackElo "2233"]

1.e4 c5 2.Nf3 e6 3.d4 cxd4 4.Nxd4 Nc6 5.Nc3 Qc7 6.Be2 a6 7.O-O Nf6 8.Kh1 Nxd4
9.Qxd4 Bc5 10.Qd3 b5 11.f4 Bb7 12.Bf3 h5 13.e5 Ng4 14.Bxb7 Qxb7 15.a4 O-O
16.Qe2 g6 17.Bd2 b4 18.Ne4 Rac8 19.c3 bxc3 20.Bxc3 Be7 21.Rad1 Qc6 22.a5 Rb8
23.h3 Nh6 24.Rd6 Bxd6 25.Nf6+ Kh8 26.exd6 Nf5 27.Nxd7+ Qxc3 28.bxc3 Ng3+
29.Kh2 Nxe2 30.Nxf8 Rxf8 31.c4 Rc8 32.d7 Rd8 33.Rd1 Nc3 34.c5 Kg7 35.c6 Nb5
36.Rb1 Na7 37.Rb6 Nxc6 38.Rxc6 Rxd7 39.Rxa6 h4 40.Rb6 Rd4 41.a6 Rxf4 42.a7 Ra4
43.Rb4 Rxa7 44.Rxh4 f5 45.Rb4 Ra3 46.Kg1 Kf6 47.Rb6 g5 48.Kf2 f4 49.Rb4 Kf5
50.Rb8 Rc3 51.Ra8 e5 52.Rf8+ Ke4 53.Ra8 Rc2+ 54.Kf1 Kd3 55.Ra3+ Rc3 56.Ra1 e4
57.Rd1+ Ke3 58.Re1+ Kd4 59.Rd1+ Rd3 60.Ra1 Rd2 61.Ra4+ Ke3 62.Ra3+ Rd3 63.Ra1 f3
64.gxf3 exf3 65.Rb1 Kf4 66.Rb5 Rd1+ 67.Kf2 Rd2+ 68.Kg1 g4 69.Rb4+ Ke3 70.Rb3+ Ke2  1/2-1/2

[Event "Foxwoods Open"]
[Site "Ledyards USA"]
[Date "2006.04.15"]
[Round "7"]
[White "Mirabile,T"]
[Black "Pismenny,A"]
[Result "1/2-1/2"]
[WhiteElo "2204"]
[BlackElo "2306"]

1.e4 c5 2.Nf3 e6 3.d4 cxd4 4.Nxd4 Nc6 5.Nc3 Nf6 6.Ndb5 d6 7.Bf4 e5 8.Bg5 a6
9.Na3 b5 10.Nd5 Be7 11.Bxf6 Bxf6 12.c3 Bg5 13.Nc2 O-O 14.a4 bxa4 15.Rxa4 Kh8
16.Bc4 a5 17.O-O Rb8 18.b3 g6 19.Qd3 f5 20.Ra2 Bh4 21.exf5 gxf5 22.f4 exf4
23.Rxf4 Bg5 24.Rf1 f4 25.Nd4 Ne5 26.Qe4 Re8 27.Bb5 Bd7 28.Bxd7 Qxd7 29.Qf5 Qxf5
30.Nxf5 Rxb3 31.Rxa5 Nc4 32.Ra7 Rf8 33.Nd4 Rb2 34.Ne6 Rg8 35.Nxg5 Rxg5 36.Ra8+ Kg7
37.Nxf4 Re5 38.Nd3  1/2-1/2

[Event "44th Doeberl Cup"]
[Site "Canberra AUS"]
[Date "2006.04.16"]
[Round "6"]
[White "Ly,M"]
[Black "Bjelobrk,I"]
[Result "1-0"]
[WhiteElo "2188"]
[BlackElo "2404"]

1.e4 e6 2.Nf3 c5 3.d4 cxd4 4.Nxd4 Nc6 5.Nc3 Qc7 6.Be2 a6 7.O-O Nf6 8.Kh1 Nxd4
9.Qxd4 Bc5 10.Qd3 b5 11.f4 Bb7 12.Bf3 h5 13.Be3 Bxe3 14.Qxe3 Ng4 15.Qd2 Rc8
16.a3 f6 17.Rad1 Bc6 18.h3 Qa7 19.Rde1 Kf8 20.Qe2 g6 21.Bxg4 hxg4 22.Qxg4 Kf7
23.f5 Rcg8 24.fxe6+ dxe6 25.Qg5 f5 26.Nd5 Kf8 27.Qd8+ Kg7 28.Qf6+ Kh7 29.Ne7 Bxe4
30.Rxe4 fxe4 31.Rf4 g5 32.Qf7+ Kh6 33.Rf6+  1-0

[Event "7th ch-Euro t/b"]
[Site "Kusadasi TUR"]
[Date "2006.04.16"]
[Round "3.2"]
[White "Baramidze,D"]
[Black "Macieja,B"]
[Result "0-1"]
[WhiteElo "2545"]
[BlackElo "2584"]

1.e4 c5 2.Nf3 Nc6 3.d4 cxd4 4.Nxd4 e6 5.Nc3 Qc7 6.Be3 a6 7.Be2 Nf6 8.a3 b5
9.Nxc6 dxc6 10.f4 Bb7 11.O-O Be7 12.e5 Rd8 13.Qe1 Nd7 14.Qg3 O-O 15.Kh1 c5
16.f5 Qxe5 17.Bf4 Qxf5 18.Bc7 Qg6 19.Qxg6 hxg6 20.Rad1 Nf6 21.Bxd8 Rxd8 22.Rxd8+ Bxd8
23.a4 b4 24.Nb1 Ne4 25.Bf3 f5 26.Re1 Bd5 27.c4 Bxc4 28.Bxe4 fxe4 29.Nd2 Bd5
30.Nxe4 c4 31.Nc5 Bf6 32.Nxa6 b3 33.a5 Bxb2 34.Nc5 Bd4 35.Na4 c3  0-1

[Event "43rd ch-IND"]
[Site "Visakhapatnam IND"]
[Date "2006.04.16"]
[Round "20"]
[White "Deepan,C"]
[Black "Sharma,Di"]
[Result "0-1"]
[WhiteElo "2428"]
[BlackElo "2370"]

1.e4 c5 2.Nf3 e6 3.d4 cxd4 4.Nxd4 Nc6 5.Nc3 Qc7 6.Be3 a6 7.Qd2 Nf6 8.f3 Bb4
9.O-O-O Ne7 10.Nde2 b5 11.g4 h6 12.h4 Ng6 13.Qd4 Be7 14.Bg2 Bb7 15.a3 Rc8
16.Qb6 Qxb6 17.Bxb6 d5 18.g5 Nd7 19.Be3 dxe4 20.f4 hxg5 21.hxg5 Rxh1 22.Bxh1 f5
23.gxf6 Nxf6 24.Bd4 Rd8 25.Rg1 Kf7 26.Bxf6 gxf6 27.Bxe4 Bxe4 28.Nxe4 f5 29.Ng5+ Bxg5
30.Rxg5 Rh8 31.Rg2 Rh1+ 32.Kd2 Rf1 33.Ke3 e5 34.fxe5 f4+ 35.Kd4 f3 36.Rh2 Rd1+
37.Ke3 Nxe5 38.Rh7+ Kg8 39.Nc3 f2  0-1

[Event "XIII TCh-RUS 1st League"]
[Site "Sochi RUS"]
[Date "2006.04.20"]
[Round "1"]
[White "Kovchan,A"]
[Black "Dobrov,V"]
[Result "1-0"]
[WhiteElo "2499"]
[BlackElo "2510"]

1.e4 c5 2.Nf3 e6 3.d4 cxd4 4.Nxd4 Nc6 5.Nc3 Qc7 6.Nxc6 dxc6 7.Bd3 Bd6 8.Qg4 Kf8
9.f4 e5 10.f5 b5 11.a4 b4 12.Nd1 b3 13.cxb3 Rb8 14.Bc4 Ba6 15.Bxa6 Qa5+ 16.Bd2 Qxa6
17.Qe2 Qxe2+ 18.Kxe2 Nf6 19.Rc1 Nxe4 20.Rxc6 Ke7 21.Nc3 Nxc3+ 22.Bxc3 Rxb3
23.Rd1 Rd8 24.Rd5 Rd7 25.Kd3 Ba3 26.Kc4 Rxd5 27.Kxb3 Bd6 28.Rc8 e4 29.Rc4 Rxf5
30.Rxe4+ Kd7 31.Bxg7 Bxh2 32.Rh4 Bg1 33.Rxh7 Rg5 34.Bc3 Rxg2 35.Rxf7+ Ke6
36.Rf6+ Kd5 37.Kb4 Rg8 38.Ka5 Kc4 39.Rf4+ Kd5 40.b4 Rc8 41.Be1 Bb6+ 42.Kb5 Be3
43.Rf5+ Ke4 44.Rf7 Rb8+ 45.Ka5 Kd5 46.Bf2 Ke6 47.Rf3 Bd2 48.Bc5 Rg8 49.Rd3 Rg2
50.Rd6+ Ke5 51.Rd7 Bc3 52.Rxa7 Rb2 53.Kb5 Bd2 54.a5 Ra2 55.a6  1-0

[Event "VII TCh-RUS w"]
[Site "Sochi RUS"]
[Date "2006.04.20"]
[Round "1"]
[White "Komiagina,M"]
[Black "Kursova,M"]
[Result "1/2-1/2"]
[WhiteElo "2341"]
[BlackElo "2333"]

1.e4 c5 2.Nf3 e6 3.d4 cxd4 4.Nxd4 Nc6 5.Nc3 a6 6.Nxc6 bxc6 7.Bd3 d5 8.O-O Nf6
9.Qe2 Be7 10.b3 O-O 11.Bb2 d4 12.Na4 e5 13.c3 c5 14.cxd4 cxd4 15.Rac1 Nd7
16.Bc4 Bb7 17.f4 Bd6 18.fxe5 Nxe5 19.Bxd4 Qh4 20.Qf2 Qxf2+ 21.Rxf2 Nxc4 22.bxc4 Bxe4
23.c5 Bc7 24.Re2 Bc6 25.Nb6 Rad8 26.Bc3 Rd3 27.Be1 Bf4 28.Rc3 Rfd8 29.g3 Bg5
30.Rxd3 Rxd3 31.Nc4 Rd1 32.Kf2 Bf6 33.Ne5 Bb5 34.Re4 Ra1 35.Ng4 Rxa2+ 36.Kg1 Bg5
37.h4 Bd2 38.Rd4 h5 39.Nf6+ gxf6 40.Bxd2 Rc2 41.Bb4 Kg7 42.Rf4 Bc6 43.Kf1 Rg2
44.Bc3 Rxg3 45.Bxf6+ Kg8 46.Kf2 Rb3  1/2-1/2

[Event "XIII TCh-RUS 1st League"]
[Site "Sochi RUS"]
[Date "2006.04.20"]
[Round "1"]
[White "Skorchenko,D"]
[Black "Tunik,G"]
[Result "1-0"]
[WhiteElo "2473"]
[BlackElo "2484"]

1.e4 c5 2.Nf3 e6 3.d4 cxd4 4.Nxd4 Nc6 5.Nc3 a6 6.Be3 Nf6 7.Bd3 Qc7 8.O-O Ne5
9.h3 Bc5 10.Na4 Ba7 11.c4 d6 12.Rc1 Nxd3 13.Qxd3 e5 14.Nc2 Bxe3 15.Nxe3 Be6
16.Nc3 O-O 17.Rfd1 Rfd8 18.Ncd5 Bxd5 19.cxd5 Qe7 20.Rc2 Rac8 21.Rdc1 Rxc2
22.Qxc2 g6 23.Kh2 b5 24.Qd3 Qa7 25.f3 Nd7 26.Rc6 Nc5 27.Qd2 h5 28.Nf5 Qb8
29.Nxd6 Rxd6 30.Rxc5 Qd8 31.Qc1 Kg7 32.Rc8 Qf6 33.Kh1 Qh4 34.Rc6 Rf6 35.Qd2 Rxc6
36.dxc6 Qe7 37.Qc2 Qc7 38.Qc5 Kf6 39.b4 h4 40.Kg1 Ke6 41.Qd5+ Ke7 42.Kf1 Kf6
43.Ke2 Ke7 44.Kd3 Kf6 45.Kc3 Kg7 46.Kb3 Kh6 47.Qd7 Qb6 48.c7  1-0

[Event "XIII TCh-RUS"]
[Site "Sochi RUS"]
[Date "2006.04.21"]
[Round "2"]
[White "Kasimdzhanov,R"]
[Black "Movsesian,S"]
[Result "1/2-1/2"]
[WhiteElo "2673"]
[BlackElo "2618"]

1.e4 c5 2.Nf3 e6 3.d4 cxd4 4.Nxd4 Nc6 5.Nc3 a6 6.Nxc6 bxc6 7.Bd3 d5 8.O-O Nf6
9.Bf4 Be7 10.Re1 O-O 11.Qf3 g6 12.Na4 Nd7 13.c4 Bb7 14.Rad1 Qa5 15.Bc2 Rfd8
16.Qg3 Rac8 17.h4 dxc4 18.e5 Nf8 19.Bg5 Bxg5 20.Qxg5 c5 21.Nc3 h5 22.Be4 Qc7
23.Rd6 Nh7 24.Qf4 Rxd6 25.exd6 Qd7 26.Rd1 Bc6 27.Qe5 f6 28.Qg3 Bxe4 29.Nxe4 Kf7
30.Qe3 Qc6 31.d7 Rd8 32.Rd6 Qc7 33.Qxc5 Rxd7 34.Rxd7+ Qxd7 35.Qxc4 f5 36.Nc3 Qd6
37.Qc8 Nf6 38.Qb7+ Kg8 39.Qa8+ Kg7 40.Qa7+ Kh6 41.Qa8  1/2-1/2

[Event "XIII TCh-RUS 1st League"]
[Site "Sochi RUS"]
[Date "2006.04.22"]
[Round "3"]
[White "Tseshkovsky,V"]
[Black "Dobrov,V"]
[Result "1/2-1/2"]
[WhiteElo "2572"]
[BlackElo "2510"]

1.e4 c5 2.Nf3 Nc6 3.Nc3 e6 4.d4 cxd4 5.Nxd4 Qc7 6.Be3 a6 7.Qd2 Nf6 8.O-O-O Bb4
9.f3 Ne7 10.Nde2 b5 11.Kb1 Ba5 12.Qd4 b4 13.Na4 d5 14.Ng3 Nc6 15.Qd3 O-O
16.Bg5 dxe4 17.Qc4 Ne5 18.Qxc7 Bxc7 19.Bxf6 gxf6 20.Nxe4 Kg7 21.Be2 a5 22.Nec5 Rd8
23.Rxd8 Bxd8 24.Rd1 Bc7 25.g3 Ra7 26.b3 Ng6 27.a3 bxa3 28.Ka2 h5 29.f4 h4
30.Bd3 f5 31.Bb5 e5 32.Bd7 Bxd7 33.Rxd7 Nf8 34.Re7 exf4 35.gxh4 Kf6 36.Re2 Bd6
37.Nd3 Ng6 38.h5 Nh4 39.Nc3 f3 40.Re8 Kg5 41.Rg8+ Kxh5 42.Nb5 Rd7 43.Nxd6 Rxd6
44.Nf4+ Kh6 45.Rh8+ Kg5 46.Nh3+ Kg4 47.Nf2+ Kf4 48.Rxh4+ Ke3 49.Nh3 f4 50.Rxf4 Rh6
51.Rxf3+ Kxf3 52.Ng5+ Ke3 53.Nxf7 Rxh2 54.Kxa3 Rxc2 55.Nd6 Kd4 56.Nc4  1/2-1/2

[Event "VII TCh-RUS w"]
[Site "Sochi RUS"]
[Date "2006.04.22"]
[Round "3"]
[White "Kochetkova,J"]
[Black "Kursova,M"]
[Result "0-1"]
[WhiteElo "2366"]
[BlackElo "2333"]

1.e4 c5 2.Nf3 e6 3.d4 cxd4 4.Nxd4 Nc6 5.Nc3 a6 6.Nxc6 bxc6 7.Bd3 d5 8.O-O Nf6
9.Re1 Be7 10.e5 Nd7 11.Qg4 g6 12.Bh6 Rb8 13.Rab1 Rb4 14.Qg3 g5 15.f4 Rxf4
16.Rf1 Rh4 17.Bg7 Rg8 18.Bf6 Nxf6 19.Rxf6 Bxf6 20.exf6 Qxf6 21.Qc7 Bd7 22.Rf1 Rf4
23.Re1 Qd4+ 24.Kh1 Ke7 25.Bxa6 h5 26.Bd3 h4 27.h3 Rf6 28.a4 g4 29.hxg4 Qxg4
30.Qh2 Rf2 31.Bf1 Rxc2 32.Nd1 Rc1 33.Be2 Qg3 34.Qxg3 hxg3 35.a5 c5 36.b3 Rb8  0-1

[Event "XIII TCh-RUS 1st League"]
[Site "Sochi RUS"]
[Date "2006.04.22"]
[Round "3"]
[White "Obolenskikh,D"]
[Black "Krutko,A"]
[Result "1/2-1/2"]
[WhiteElo "2458"]
[BlackElo "2356"]

1.e4 c5 2.Nf3 e6 3.d4 cxd4 4.Nxd4 Nc6 5.Nc3 Qc7 6.Be3 Nf6 7.Qd2 a6 8.O-O-O b5
9.Bf4 Ne5 10.Kb1 b4 11.Na4 Bb7 12.f3 d5 13.exd5 Nxd5 14.Bxe5 Qxe5 15.Bc4 Rd8
16.Rhe1 Qc7 17.Bb3 Be7 18.Rxe6 O-O 19.Ree1 Bf6 20.Qf2 Qxh2 21.Rh1 Qc7 22.Nf5 Qf4
23.Ng3 g6 24.Ne4 Bg7 25.Nac5 Qe5 26.Nd3 Qe7 27.Rde1 Bc6 28.g4 h6 29.g5 hxg5
30.Qg3 Rfe8 31.Nxg5 Qd6 32.Rxe8+ Bxe8 33.Qg4 Qf6 34.Bxd5 Rxd5 35.Ne4 Qd4
36.Qc8 Rd8 37.Qxa6 f5 38.Ng5 Qd5 39.Qe6+ Qxe6 40.Nxe6 Rb8 41.Nxg7 Kxg7 42.f4 Bc6
43.Rg1 Be4 44.Ne5 Rb6 45.Rd1 Re6 46.Rd7+ Kh6 47.Kc1 Ra6 48.Rd4 Rxa2 49.Rxb4 Ra1+
50.Kd2 Rf1 51.Ke3 Bxc2 52.Rb6 Be4 53.Rxg6+ Kh5 54.Rg8 Kh4 55.Kd4 Kh3 56.Ng6 Rb1
57.Rb8 Kg3 58.Ke5 Kf3 59.b4 Bd3 60.Kf6 Ke3 61.Ke5 Kf3 62.Rb6 Rb3 63.Nf8 Rb1
64.Ne6 Re1+ 65.Kf6 Kg4 66.Rd6 Bc4 67.Ng7 Re4 68.Kg6 Rxf4 69.Nxf5 Rxf5 70.Rd4+ Rf4  1/2-1/2

[Event "VII TCh-RUS w"]
[Site "Sochi RUS"]
[Date "2006.04.22"]
[Round "3"]
[White "Meshcheriakova,E"]
[Black "Stepovaia Dianchenko,T"]
[Result "0-1"]
[WhiteElo "2203"]
[BlackElo "2343"]

1.e4 c5 2.Nf3 e6 3.Nc3 Nc6 4.d4 cxd4 5.Nxd4 Nf6 6.a3 Qc7 7.f4 Nxd4 8.Qxd4 a6
9.e5 Bc5 10.Qd3 Nd5 11.Ne4 b5 12.Qg3 Kf8 13.Nxc5 Qxc5 14.Qf2 Qxf2+ 15.Kxf2 Bb7
16.Bd2 f6 17.a4 b4 18.a5 Rc8 19.Bd3 Kf7 20.Rhe1 f5 21.h3 h5 22.g3 Rc5 23.Be3 Nxe3
24.Kxe3 h4 25.Kf2 hxg3+ 26.Kxg3 Rh6 27.Kh2 Rg6 28.Re2 Rd5 29.b3 Rd4 30.Rf2 Rxf4
31.Rxf4 Rg2+ 32.Kh1 Rg4+ 33.Kh2 Rxf4 34.Re1 Rd4 35.Kg3 g5 36.Ra1 Ke7 37.Kf2 Rf4+
38.Ke2 g4 39.hxg4 Rxg4 40.Ke3 Rg3+ 41.Kf4 Rg4+ 42.Ke3 d6 43.exd6+ Kxd6 44.Rf1 Ke5
45.Rf2 f4+ 46.Kd2 Kd4  0-1

[Event "XIII TCh-RUS 1st League"]
[Site "Sochi RUS"]
[Date "2006.04.22"]
[Round "3"]
[White "Lastin,A"]
[Black "Zakhartsov,V"]
[Result "1/2-1/2"]
[WhiteElo "2610"]
[BlackElo "2547"]

1.e4 c5 2.Nf3 e6 3.d4 cxd4 4.Nxd4 Nc6 5.Nc3 Qc7 6.Be2 a6 7.O-O Nf6 8.Kh1 Nxd4
9.Qxd4 Bc5 10.Qd2 O-O 11.Qg5 Bd4 12.Bd3 Qe5 13.Qh4 Qh5 14.Qg3 b5 15.Be3 Be5
16.Bf4 Bxc3 17.bxc3 Bb7 18.f3 Rfc8 19.Be5 Ne8 20.Bd4 d6 21.Qe1 e5 22.Be3 d5
23.exd5 Bxd5 24.a4 Nd6 25.Qf2 Nc4 26.axb5 axb5  1/2-1/2

[Event "TCh-HUN 2005-6"]
[Site "Hungary HUN"]
[Date "2006.04.23"]
[Round "11"]
[White "Grabics,M"]
[Black "Horvath,Gy1"]
[Result "1/2-1/2"]
[WhiteElo "2306"]
[BlackElo "2430"]

1.e4 c5 2.Nf3 e6 3.d4 cxd4 4.Nxd4 Nc6 5.Nc3 Qc7 6.f4 a6 7.Nxc6 Qxc6 8.Bd3 b5
9.Qe2 Bb7 10.a3 b4 11.axb4 Bxb4 12.Bd2 Nf6 13.e5 Nd5 14.Nxd5 Bxd2+ 15.Qxd2 Qxd5
16.O-O O-O 17.Kh1 a5 18.Ra3 a4 19.Qe2 g6 20.Rd1 Rfb8 21.f5 exf5 22.Bc4 Qc6
23.Rd6 Qc7 24.Rf6 Rf8 25.Rg3 Kg7 26.Rxf5 Rae8 27.Qf1 Re7 28.Qf4 d5 29.Rh5 f5
30.Qh6+ Kg8 31.Rxg6+ hxg6 32.Qh8+ Kf7 33.Qf6+ Ke8 34.Bb5+ Rd7 35.Rh8 Rxh8
36.Qxh8+ Kf7 37.Qf6+ Kg8 38.Qxg6+ Rg7 39.Qe8+ Kh7 40.Qh5+  1/2-1/2

[Event "8th Dubai Open"]
[Site "Dubai UAE"]
[Date "2006.04.24"]
[Round "2"]
[White "Stellwagen,R"]
[Black "Satyapragyan,S"]
[Result "0-1"]
[WhiteElo "2232"]
[BlackElo "2403"]

1.e4 c5 2.Nf3 Nc6 3.d4 cxd4 4.Nxd4 e6 5.Nc3 Qc7 6.Be2 a6 7.O-O Nf6 8.Be3 d6
9.f4 Be7 10.Qe1 O-O 11.Qg3 Bd7 12.Rae1 b5 13.a3 Rae8 14.Bd3 Nxd4 15.Bxd4 e5
16.fxe5 dxe5 17.Be3 Kh8 18.Kh1 Be6 19.Rd1 Ng8 20.Be2 Bc5 21.Qf2 Bxe3 22.Qxe3 Ne7
23.Rd2 f5 24.Rfd1 f4 25.Qg1 Ng8 26.Rd6 Bc8 27.Qb6 Qxb6 28.Rxb6 Nf6 29.a4 bxa4
30.Bxa6 Bxa6 31.Rxa6 Rb8 32.Rb1 Rfc8 33.Nxa4 Rxc2 34.b4 h5 35.Kg1 Nxe4  0-1

[Event "XXIV Open"]
[Site "Metz FRA"]
[Date "2006.04.24"]
[Round "3"]
[White "Thiebaux,J"]
[Black "Gorse,G"]
[Result "0-1"]
[WhiteElo "1932"]
[BlackElo "2049"]

1.e4 c5 2.Nf3 e6 3.d4 cxd4 4.Nxd4 Nc6 5.Nc3 d6 6.Nxc6 bxc6 7.Bd3 Nf6 8.O-O e5
9.Bg5 Be7 10.Kh1 h6 11.Bxf6 Bxf6 12.Rb1 Be6 13.b3 O-O 14.Qe2 Qa5 15.Na4 d5
16.c3 g6 17.Qc2 Rae8 18.b4 Qc7 19.Nc5 Bc8 20.Qb3 Rd8 21.a4 Be7 22.Na6 Qd6
23.Nc5 Qf6 24.Qc2 Bxc5 25.bxc5 Qe7 26.f4 dxe4 27.Bxe4 f5 28.Bxc6 Qxc5 29.Bb7 Rf7
30.Bxc8 Rxc8 31.fxe5 Qxe5 32.Qd2 Kg7 33.Qd4 Qxd4 34.cxd4 Rc4 35.a5 Rxd4 36.Ra1 Rf6
37.Rfb1 Ra6 38.Rb5 Kf6 39.Kg1 Re4 40.Kf2 Re5 41.Rab1 Rxa5 42.Rb7 Ra2+ 43.Kf1 Ree2
44.Rc7 Rf2+ 45.Ke1 Rxg2 46.Rc6+ Kg5 47.h4+ Kxh4 48.Kf1 h5 49.Rb4+ Kg5 50.Rbc4 h4
51.Re6 h3  0-1

[Event "XXIV Open"]
[Site "Metz FRA"]
[Date "2006.04.24"]
[Round "3"]
[White "Romieux,S"]
[Black "Savchenko,S"]
[Result "1/2-1/2"]
[WhiteElo "2228"]
[BlackElo "2495"]

1.e4 c5 2.Nf3 e6 3.d4 cxd4 4.Nxd4 Nc6 5.Nc3 a6 6.Be2 d6 7.O-O Nf6 8.Kh1 Be7
9.f4 O-O 10.a4 Bd7 11.Be3 Nxd4 12.Bxd4 Bc6 13.Bd3 Nd7 14.Rf3 Rc8 15.Rh3 g6
16.Qd2 Bf6 17.e5 Bg7 18.Qe3 Re8 19.Rf1 f5 20.exd6 e5 21.fxe5 Nxe5 22.Bxe5 Rxe5
23.Bc4+ Kh8 24.Qd3 Qd7 25.Nd5 Qxd6 26.Nf4 Qf6 27.b3 b5 28.axb5 axb5 29.Bd5 Bxd5
30.Nxd5 Qf7 31.c4 bxc4 32.bxc4 Rce8 33.Re3 Rxe3 34.Nxe3 Qc7 35.Nd5 Qc5 36.Re1 Rc8  1/2-1/2

[Event "XIII TCh-RUS"]
[Site "Sochi RUS"]
[Date "2006.04.24"]
[Round "5"]
[White "Ivanchuk,V"]
[Black "Movsesian,S"]
[Result "1/2-1/2"]
[WhiteElo "2731"]
[BlackElo "2618"]

1.e4 c5 2.Nf3 Nc6 3.d4 cxd4 4.Nxd4 e6 5.Nc3 Qc7 6.g3 a6 7.Bg2 d6 8.O-O Bd7
9.Re1 Be7 10.Nxc6 Bxc6 11.Qg4 h5 12.Qe2 h4 13.a4 Nf6 14.a5 Rc8 15.Be3 e5
16.Rec1 hxg3 17.hxg3 Qd7 18.Nd5 Bxd5 19.exd5 Ng4 20.Bb6 f5  1/2-1/2

[Event "VII TCh-RUS w"]
[Site "Sochi RUS"]
[Date "2006.04.24"]
[Round "5"]
[White "Semenova,Ir"]
[Black "Kovalevskaya,E"]
[Result "1/2-1/2"]
[WhiteElo "2240"]
[BlackElo "2460"]

1.e4 c5 2.Nf3 e6 3.d4 cxd4 4.Nxd4 Nc6 5.Nc3 d6 6.Be3 Nf6 7.Be2 Be7 8.O-O O-O
9.Kh1 e5 10.Nxc6 bxc6 11.f4 exf4 12.Bxf4 Be6 13.Bf3 Qb6 14.b3 Rad8 15.Qe2 Qa5
16.Nd1 Nd7 17.Bd2 Qc7 18.Qe1 Rde8 19.Ne3 Ne5 20.Be2 Ng6 21.Nf5 Bxf5 22.exf5 Bh4
23.Qd1 Qe7 24.Ba6 Ne5 25.Qh5 Bf6 26.Rae1 Qd8 27.Be2 Qb6 28.Bg5 Nd7 29.Bf4 Be5
30.Bd2 Qd4 31.Bd3 Nf6 32.Qf3 Qg4 33.Qxg4 Nxg4 34.g3 Bd4 35.Kg2 Be3 36.Bc3 Bg5
37.Rxe8 Rxe8 38.Re1 Rxe1 39.Bxe1 Kf8 40.h3 Ne5 41.Ba6 Be3 42.Bc3 Ke7 43.Bb7 Kd7
44.Ba6 f6 45.Kf1 Bb6 46.Be2 d5 47.g4 Kd6 48.h4 h6 49.Bd2 Bd8 50.Kf2 c5 51.Bf4 Ba5
52.g5 hxg5 53.hxg5 fxg5 54.Bxg5 Bc3 55.Bf4 Ke7 56.Bg5+ Kd6 57.Bf4 Ke7 58.Bg5+ Kd6
59.Bf4 Ke7  1/2-1/2

[Event "8th Dubai Open"]
[Site "Dubai UAE"]
[Date "2006.04.25"]
[Round "3"]
[White "Safarli,E"]
[Black "Bente,B"]
[Result "1-0"]
[WhiteElo "2417"]
[BlackElo "2240"]

1.e4 c5 2.Nf3 e6 3.d4 cxd4 4.Nxd4 Nc6 5.Nc3 Qc7 6.g3 a6 7.Bg2 d6 8.O-O Bd7
9.Be3 Rc8 10.a4 Nf6 11.h3 Be7 12.f4 O-O 13.Nb3 Na5 14.e5 Ne8 15.Nxa5 Qxa5
16.Ne4 d5 17.c3 Qc7 18.Nd2 b5 19.axb5 Bxb5 20.Rf2 Qb7 21.Nb3 Nc7 22.g4 g6
23.f5 Bh4 24.Rd2 Na8 25.Nd4 Bd7 26.Nf3 Be7 27.f6 Bc5 28.Bxc5 Rxc5 29.Rf2 h6
30.h4 Nb6 31.Bf1 Bb5 32.Bxb5 axb5 33.Nd4 Nd7 34.Qd2 Kh7 35.Re1 b4 36.h5 g5
37.Qd3+ Kh8 38.Nxe6 fxe6 39.Qg6  1-0

[Event "2nd Halkidiki Open"]
[Site "Kalithea GRE"]
[Date "2006.04.25"]
[Round "1"]
[White "Theoharidis,G"]
[Black "Shavtvaladze,N"]
[Result "0-1"]
[WhiteElo "1539"]
[BlackElo "2368"]

1.e4 c5 2.Nf3 e6 3.d4 cxd4 4.Nxd4 Nc6 5.Nc3 Qc7 6.Be3 a6 7.Be2 Nf6 8.Qd2 Bb4
9.f3 d5 10.exd5 Nxd5 11.a3 Bxc3 12.bxc3 Nxd4 13.Bxd4 e5 14.c4 Nf4 15.Be3 Nxg2+
16.Kf2 Nxe3 17.Qxe3 O-O 18.Rhg1 f5 19.Qc3 Qc5+ 20.Kg2 Bd7 21.Kh1 Bc6 22.Rad1 Rad8
23.Rdf1 Rf7 24.Rg3 Rd4 25.Qe1 Qxa3 26.Bd3 Qc5  0-1

[Event "XIII TCh-RUS"]
[Site "Sochi RUS"]
[Date "2006.04.25"]
[Round "6"]
[White "Shaposhnikov,E"]
[Black "Geller,J"]
[Result "1-0"]
[WhiteElo "2538"]
[BlackElo "2495"]

1.e4 c5 2.Nf3 e6 3.d4 cxd4 4.Nxd4 Nc6 5.Nc3 Qc7 6.Be3 a6 7.Be2 Nf6 8.a3 Be7
9.f4 d6 10.Qd2 O-O 11.O-O-O Nxd4 12.Bxd4 e5 13.Be3 b5 14.g4 Qb7 15.Nd5 Nxd5
16.Qxd5 exf4 17.Bxf4 Qa7 18.Qd4 Rd8 19.Bf3 Be6 20.Qxa7 Rxa7 21.Rd4 h6 22.Rhd1 Rad7
23.Kb1 g5 24.Bg3 Kg7 25.b3 Kf6 26.Be1 Rc8 27.Bg3 Rcd8 28.R4d3 Bf8 29.Be1 Ke7
30.Ba5 Bg7 31.Bxd8+ Rxd8 32.Be2 Be5 33.Rh3 Bg7 34.Rh5 Rc8 35.Rh3 Rc6 36.Rf1 Rc5
37.Rhf3 Be5 38.h3 Rc7 39.Kc1 Bf4+ 40.Rxf4 gxf4 41.Kd2 Kf6 42.Rxf4+ Ke5 43.Rf1 Rc8
44.Bd3 Rh8 45.Kc3 h5 46.Kb4 hxg4 47.hxg4 Rh3 48.Ka5 Bxb3 49.Rf5+ Kd4 50.Bf1 Rg3
51.cxb3 Rxb3 52.Kxa6 Rxa3+ 53.Kxb5 Rg3 54.Bc4 Kxe4 55.Bd5+ Kd4 56.g5 Rc3
57.Bxf7 Ke4 58.Rd5 Rg3 59.Kc6  1-0

[Event "XIII TCh-RUS"]
[Site "Sochi RUS"]
[Date "2006.04.25"]
[Round "6"]
[White "Kasimdzhanov,R"]
[Black "Rublevsky,S"]
[Result "1/2-1/2"]
[WhiteElo "2673"]
[BlackElo "2687"]

1.e4 c5 2.Nf3 e6 3.d4 cxd4 4.Nxd4 Nc6 5.Nc3 a6 6.Nxc6 bxc6 7.Qd3 Qc7 8.Qg3 Qxg3
9.hxg3 d5 10.Bf4 Nf6 11.Na4 Bb4+ 12.c3 Ba5 13.exd5 cxd5 14.Be5 Bd7 15.Nc5 Bb5
16.Bxb5+ axb5 17.Nb7 Ke7 18.Nxa5 Rxa5 19.a3 Ne8 20.O-O-O f6 21.Bf4 Nd6 22.g4 Ra4
23.Bxd6+ Kxd6 24.f3 e5 25.Rd2 Ke6 26.Rhd1 Rd8 27.Kc2 Rd7 28.Kd3 h6 29.Ke3 Rc4
30.Rd3 Ra4 31.R3d2 Rc4  1/2-1/2

[Event "XIII TCh-RUS 1st League"]
[Site "Sochi RUS"]
[Date "2006.04.26"]
[Round "7"]
[White "Slizhevsky,A"]
[Black "Bryzgalin,K"]
[Result "1-0"]
[WhiteElo "2435"]
[BlackElo "2473"]

1.e4 c5 2.Nf3 Nc6 3.d4 cxd4 4.Nxd4 e6 5.Nc3 a6 6.Be2 d6 7.O-O Nf6 8.Be3 Be7
9.f4 O-O 10.a4 Bd7 11.Nb3 b6 12.Bf3 Qc7 13.g4 Bc8 14.g5 Nd7 15.Bg2 Rb8 16.Rf3 Re8
17.Rh3 Nf8 18.Qh5 Nb4 19.Rc1 Bd7 20.Bf1 f6 21.Nd4 fxg5 22.fxg5 g6 23.Qh6 e5
24.Rh4 Rec8 25.Nd5 Nxd5 26.exd5 b5 27.Bd3 exd4 28.Bxd4 Kf7 29.Rf4+ Bf5 30.Bxf5 gxf5
31.Rxf5+ Ke8 32.Rxf8+ Bxf8 33.Re1+ Be7 34.Qxh7 Qd8 35.Bf6 Rb7 36.Qh5+ Kf8
37.Qh8+ Kf7 38.g6+  1-0

[Event "XIII TCh-RUS 1st League"]
[Site "Sochi RUS"]
[Date "2006.04.26"]
[Round "7"]
[White "Sivokho,S"]
[Black "Chebotarev,O"]
[Result "1/2-1/2"]
[WhiteElo "2469"]
[BlackElo "2493"]

1.e4 c5 2.Nf3 e6 3.d4 cxd4 4.Nxd4 Nc6 5.Nc3 a6 6.g3 Qc7 7.Bg2 d6 8.O-O Bd7
9.Re1 Be7 10.Nxc6 Bxc6 11.a4 Nf6 12.a5 O-O 13.Be3 Nd7 14.Na4 Rae8 15.Nb6 f5
16.Nxd7 Qxd7 17.Qd3 fxe4 18.Bxe4  1/2-1/2

[Event "XIII TCh-RUS 1st League"]
[Site "Sochi RUS"]
[Date "2006.04.26"]
[Round "7"]
[White "Solovjov,S"]
[Black "Krutko,A"]
[Result "1-0"]
[WhiteElo "2457"]
[BlackElo "2356"]

1.e4 c5 2.Nf3 e6 3.d4 cxd4 4.Nxd4 Nc6 5.Nc3 Qc7 6.Be3 Nf6 7.Qd2 a6 8.O-O-O Bb4
9.f3 Na5 10.Bf2 d5 11.Bg3 Qc5 12.Nb3 Nxb3+ 13.axb3 O-O 14.Qd3 Qa5 15.Kb1 Bxc3
16.bxc3 dxe4 17.fxe4 Bd7 18.Be2 Bc6 19.Bf3 Rfd8 20.Qe3 e5 21.Bh4 Rxd1+ 22.Rxd1 Rd8
23.Rd3 Rxd3 24.Qxd3 h6 25.Kb2 Nd7 26.Qd6 Qc5 27.Qc7 Qf8 28.b4 Qb8 29.Qa5 Bb5
30.Bg4 Nf6 31.Bxf6 gxf6 32.Qb6 Kg7 33.Bf5 Bc6 34.c4 Qe8 35.Qc7 Kf8 36.Kc3 Qe7
37.Qxe7+ Kxe7 38.Kd3 Kd6 39.c5+ Kc7 40.c4 Kd8 41.Ke3 Ke8 42.g4 Ke7 43.Kf3 Ke8
44.Kg3 Ke7 45.Kh4 Kf8 46.Kh5 Kg7 47.h3 Be8 48.Bc8 a5 49.bxa5 Bc6 50.a6 bxa6
51.Bxa6 Bxe4 52.Bb5 f5 53.c6 fxg4 54.hxg4 f5 55.c7 Bb7 56.Bc6 Bc8 57.gxf5 Kf6
58.Be4 Kg7 59.Bd5 Bxf5 60.Bb7 e4 61.c8=Q  1-0

[Event "Master Open"]
[Site "Cutro ITA"]
[Date "2006.04.27"]
[Round "5"]
[White "Sardo,G"]
[Black "Voiska,M"]
[Result "0-1"]
[WhiteElo "2186"]
[BlackElo "2314"]

1.d4 e6 2.e4 c5 3.Nf3 cxd4 4.Nxd4 Nc6 5.Nc3 Qc7 6.Be3 a6 7.Be2 Nf6 8.O-O b5
9.Nxc6 dxc6 10.f4 Bb7 11.e5 Nd5 12.Nxd5 cxd5 13.f5 Bc5 14.Bd4 exf5 15.Rxf5 Rc8
16.c3 O-O 17.Kh1 Bxd4 18.Qxd4 Rfe8 19.Raf1 Re7 20.Qf2 Rf8 21.Qg3 Bc8 22.Rg5 f6
23.Rxf6 Rxf6 24.exf6 Qxg3 25.Rxg3 Rxe2 26.Rxg7+ Kf8 27.h4 Bf5 28.b4 Be4 29.Kg1 Rxa2
30.g4 Rg2+ 31.Kf1 Rg3 32.g5 Rh3 33.Ra7 Rxh4 34.Rxa6 Rg4 35.Ra8+ Kf7 36.Ra7+ Ke6
37.Re7+ Kd6 38.Rg7 Bg6 39.Ke2 Rxg5 40.Ra7 Re5+ 41.Kd2 Rf5 42.Ra6+ Ke5 43.Rb6 Rf2+
44.Ke3 Rc2 45.Rc6 Rxc3+  0-1

[Event "XIII TCh-RUS 1st League"]
[Site "Sochi RUS"]
[Date "2006.04.27"]
[Round "8"]
[White "Bryzgalin,K"]
[Black "Chebotarev,O"]
[Result "1/2-1/2"]
[WhiteElo "2473"]
[BlackElo "2493"]

1.e4 c5 2.Nf3 e6 3.d4 cxd4 4.Nxd4 Nc6 5.Nc3 a6 6.Nxc6 bxc6 7.e5 Qc7 8.f4 d6
9.exd6 Bxd6 10.g3 Nf6 11.Bg2 O-O 12.O-O Rb8 13.b3 c5 14.Be3  1/2-1/2